000 00292nam a22001097a 4500
008 230627b xxu||||| |||| 00| 0 eng d
082 _a338.479
_bNEL
245 _aThe Evolution and Impacts of Community-based Ecotourism in Northern Tanzania
300 _a40p
440 _n131
942 _2ddc
_cBK
999 _c2926
_d2926